[Event "Landesklasse West 2024/25"]
[Site "?"]
[Date "2025.01.19"]
[Round "5.7"]
[White "Heß, Wolfgang"]
[Black "Pinnau, Hannes"]
[Result "0-1"]
[WhiteElo "1626"]
[BlackElo "1630"]
[PlyCount "34"]
[EventDate "2024.09.15"]
[EventType "team-tourn"]
[EventRounds "9"]
[WhiteTeam "SG Barchfeld/Breitungen"]
[BlackTeam "SV Wartburgstadt Eisenach"]

1. e4 c6 2. d4 d5 3. Nc3 dxe4 4. Nxe4 Nf6 5. Nxf6+ exf6 6. Bc4 Bd6 7. Ne2 Qc7 8. h3 O-O 9. O-O Re8 10. Nc3 Nd7 11. b3 Nf8 12. Be3 f5 13. Qd2 Ng6 14. Qd3 f4 15. Bd2 Nh4 16. Be1 Bf5 17. Qd1 f3 0-1

[Event "Landesklasse West 2024/25"]
[Site "?"]
[Date "2025.01.19"]
[Round "5.8"]
[White "Lotz, Arthur"]
[Black "Volkert, Mario"]
[Result "1/2-1/2"]
[WhiteElo "1388"]
[BlackElo "1598"]
[PlyCount "93"]
[EventDate "2024.09.15"]
[EventType "team-tourn"]
[EventRounds "9"]
[WhiteTeam "SV Wartburgstadt Eisenach"]
[BlackTeam "SG Barchfeld/Breitungen"]

1. d4 Nf6 2. c4 g6 3. Nf3 d6 4. Nc3 Bf5 5. g3 Bg7 6. Bg2 O-O 7. O-O Kh8 8. Re1 Ne4 9. Nh4 Nxc3 10. bxc3 Bc8 11. Rb1 c6 12. e4 Qa5 13. Qd2 Nd7 14. Re2 c5 15. Qd3 Nb6 16. Be3 Be6 17. d5 Bd7 18. Rd2 Qxa2 19. Bg5 Qxc4 20. Qxc4 Nxc4 21. Rxb7 f6 22. Rxd7 fxg5 23. Nf3 Bf6 24. Ra2 a5 25. Bf1 g4 26. Ne1 Ne5 27. Rb7 Nf3+ 28. Nxf3 gxf3 29. c4 Rfe8 30. Bd3 Bc3 31. h4 Rab8 32. Rxb8 Rxb8 33. Bc2 Rb2 34. Rxb2 Bxb2 35. Bd1 Kg7 36. Bxf3 a4 37. Bd1 a3 38. Bb3 Kf6 39. f4 e5 40. Kf2 exf4 41. gxf4 h6 42. Kf3 g5 43. fxg5+ hxg5 44. hxg5+ Kxg5 45. Ke3 Kg4 46. Ba2 Kg3 47. Bb3 1/2-1/2

[Event "Landesklasse West 2024/25"]
[Site "?"]
[Date "2025.01.19"]
[Round "5.2"]
[White "von Otte, Wilhelm"]
[Black "Lehmann, Peter"]
[Result "1-0"]
[WhiteElo "1900"]
[BlackElo "1910"]
[PlyCount "55"]
[EventDate "2024.09.15"]
[EventType "team-tourn"]
[EventRounds "9"]
[WhiteTeam "TSG Ruhla"]
[BlackTeam "ESV Lok Meiningen"]

1. e4 e6 2. d4 d5 3. Nc3 Bb4 4. e5 c5 5. a3 cxd4 6. Qxd4 Nc6 7. Bb5 Bxc3+ 8. Qxc3 Qb6 9. Bxc6+ bxc6 10. Be3 Qc7 11. Bc5 Ba6 12. f4 Ne7 13. Nf3 h6 14. Nd4 Nf5 15. O-O-O Nxd4 16. Rxd4 Be2 17. Re1 Bh5 18. Ra4 a6 19. f5 exf5 20. Qd3 Bg6 21. e6 Qxh2 22. Rxa6 Rc8 23. Ra7 Qf4+ 24. Kb1 f6 25. Re7+ Kd8 26. Rxg7 Bh5 27. g3 Qf3 28. Qa6 1-0

[Event "Landesklasse West 2024/25"]
[Site "?"]
[Date "2025.01.19"]
[Round "5.3"]
[White "Oleak, Wolfgang"]
[Black "Thrän, Uwe"]
[Result "0-1"]
[WhiteElo "1447"]
[BlackElo "1748"]
[PlyCount "58"]
[EventDate "2024.09.15"]
[EventType "team-tourn"]
[EventRounds "9"]
[WhiteTeam "ESV Lok Meiningen"]
[BlackTeam "TSG Ruhla"]

1. Nf3 d5 2. d4 Nf6 3. g3 e6 4. Bg2 Be7 5. O-O O-O 6. b3 b6 7. Bb2 Bb7 8. c4 Nbd7 9. Nc3 Rc8 10. Rc1 c5 11. cxd5 Nxd5 12. e3 cxd4 13. Nxd4 Nxc3 14. Rxc3 Rxc3 15. Bxc3 Bxg2 16. Kxg2 Qc7 17. Qd2 Nf6 18. f3 Rd8 19. Qb2 Nd5 20. Bd2 Bf6 21. Rc1 Qe5 22. Kf2 Qh5 23. Kg2 e5 24. Nc6 e4 25. g4 exf3+ 26. Kh1 Qh3 27. Bc3 Bxc3 28. Qf2 Re8 29. e4 Rxe4 0-1

[Event "Landesklasse West 2024/25"]
[Site "?"]
[Date "2025.01.19"]
[Round "5.5"]
[White "Semisch, Helga"]
[Black "Voß, Ewald"]
[Result "0-1"]
[WhiteElo "1132"]
[BlackElo "1653"]
[PlyCount "44"]
[EventDate "2024.09.15"]
[EventType "team-tourn"]
[EventRounds "9"]
[WhiteTeam "ESV Lok Meiningen"]
[BlackTeam "TSG Ruhla"]

1. e4 e5 2. f3 Bc5 3. Bc4 Bxg1 4. Rxg1 Qh4+ 5. Kf1 Qxh2 6. d3 Nc6 7. Be3 d6 8. Nc3 Be6 9. Bxe6 fxe6 10. Qd2 a6 11. Qf2 Qh5 12. Ke2 O-O-O 13. Qg3 Qf7 14. Kd2 Nf6 15. Bg5 h6 16. Bxf6 gxf6 17. Rad1 Rdg8 18. Qh3 Kb8 19. Kc1 Rg5 20. Qh4 Rhg8 21. Rd2 Nd4 22. Rf2 Rh5 0-1

[Event "Landesklasse West 2024/25"]
[Site "?"]
[Date "2025.01.19"]
[Round "5.8"]
[White "Lang, Steffen"]
[Black "Wild, Noah"]
[Result "1-0"]
[WhiteElo "1399"]
[BlackElo "877"]
[PlyCount "67"]
[EventDate "2024.09.15"]
[EventType "team-tourn"]
[EventRounds "9"]
[WhiteTeam "TSG Ruhla"]
[BlackTeam "ESV Lok Meiningen"]

1. Nf3 d5 2. d4 Bg4 3. e3 Nc6 4. Be2 e6 5. O-O Bd6 6. h3 Bh5 7. Nbd2 Nf6 8. c3 O-O 9. Qc2 h6 10. Re1 Bg6 11. Bd3 Ne7 12. e4 c6 13. e5 Bxd3 14. Qxd3 Nh5 15. exd6 Qxd6 16. Nf1 Nf5 17. g4 Nhg3 18. Nxg3 Nxg3 19. Ne5 f6 20. Ng6 f5 21. Nxf8 Ne4 22. Ng6 c5 23. Bf4 Qb6 24. Rab1 c4 25. Qe2 Qa6 26. f3 Kf7 27. Ne5+ Kg8 28. fxe4 fxe4 29. Qd2 Qxa2 30. Bxh6 gxh6 31. Qxh6 Qb3 32. Rf1 e3 33. Qg6+ Kh8 34. Nf7# 1-0

[Event "Landesklasse West 2024/25"]
[Site "?"]
[Date "2025.01.19"]
[Round "5.1"]
[White "Gandera, Moritz"]
[Black "Hübschmann, Holger"]
[Result "1/2-1/2"]
[WhiteElo "1805"]
[BlackElo "1951"]
[PlyCount "29"]
[EventDate "2024.09.15"]
[EventType "team-tourn"]
[EventRounds "9"]
[WhiteTeam "SC Rochade Steinbach-Hallenberg"]
[BlackTeam "Randspringer Bad Salzungen"]

{[%evp 0,29,42,20,20,13,24,29,42,48,63,52,74,77,62,64,63,65,27,45,26,16,8,-12,-27,-26,-22,-30,-23,-23,-51,-49]} 1. d4 d5 2. Bf4 Nf6 3. e3 g6 4. Nc3 c6 5. Nf3 Bg4 6. Be2 Bg7 7. h3 Bxf3 8. Bxf3 Nbd7 9. O-O O-O 10. Rb1 Re8 11. e4 dxe4 12. Nxe4 Nxe4 13. Bxe4 e5 14. dxe5 Nxe5 15. Bxe5 1/2-1/2

[Event "Landesklasse West 2024/25"]
[Site "?"]
[Date "2025.01.19"]
[Round "5.2"]
[White "Roth, Ralf"]
[Black "Wilhelm, Bernd"]
[Result "1/2-1/2"]
[WhiteElo "1839"]
[BlackElo "1893"]
[PlyCount "34"]
[EventDate "2024.09.15"]
[EventType "team-tourn"]
[EventRounds "9"]
[WhiteTeam "Randspringer Bad Salzungen"]
[BlackTeam "SC Rochade Steinbach-Hallenberg"]

{[%evp 0,34,42,13,29,29,29,-3,-2,6,49,-3,-9,7,14,-165,-27,-7,-26,-36,-24,-56,-56,-79,-28,-51,-52,-67,-42,-49,-20,-68,7,-2,25,26,74]} 1. d4 Nf6 2. Nf3 d5 3. c4 e6 4. Nc3 c6 5. g3 dxc4 6. a4 Bb4 7. Ne5 Nbd7 8. Nxc4 Nb6 9. e3 O-O 10. Nxb6 axb6 11. Bd2 Re8 12. Bg2 e5 13. dxe5 Rxe5 14. O-O Bf5 15. Re1 Qd3 16. e4 Bg4 17. f3 Bh5 1/2-1/2

[Event "Landesklasse West 2024/25"]
[Site "?"]
[Date "2025.01.19"]
[Round "5.4"]
[White "Burkhardt, Christian"]
[Black "Holland-Cunz, Dietrich"]
[Result "1/2-1/2"]
[WhiteElo "1683"]
[BlackElo "1756"]
[PlyCount "27"]
[EventDate "2024.09.15"]
[EventType "team-tourn"]
[EventRounds "9"]
[WhiteTeam "Randspringer Bad Salzungen"]
[BlackTeam "SC Rochade Steinbach-Hallenberg"]

{[%evp 0,27,32,13,69,39,34,15,25,13,18,33,33,33,33,19,6,-2,10,12,14,12,12,14,25,12,52,47,301,306]} 1. d4 g6 2. c4 Bg7 3. g3 d6 4. Bg2 Nd7 5. Nf3 Ngf6 6. Nc3 O-O 7. e4 c5 8. d5 Ng4 9. O-O Nge5 10. Qe2 Nxf3+ 11. Bxf3 Ne5 12. Bg2 h5 13. h3 Bxh3 14. Bxh3 1/2-1/2

[Event "Landesklasse West 2024/25"]
[Site "?"]
[Date "2025.01.19"]
[Round "5.5"]
[White "Hoffmann, Hartmut"]
[Black "Feldmann, Bernd"]
[Result "1-0"]
[WhiteElo "1964"]
[BlackElo "1822"]
[PlyCount "57"]
[EventDate "2024.09.15"]
[EventType "team-tourn"]
[EventRounds "9"]
[WhiteTeam "SC Rochade Steinbach-Hallenberg"]
[BlackTeam "Randspringer Bad Salzungen"]

{[%evp 0,57,32,13,13,6,6,6,49,22,101,78,68,59,82,82,58,60,70,73,43,42,77,72,93,57,90,85,86,30,109,73,139,125,132,149,139,131,154,161,265,280,295,305,285,285,370,364,385,374,371,315,350,369,368,298,309,322,342,335]} 1. d4 d5 2. c4 e6 3. Nf3 c6 4. Nc3 f5 5. g3 Nf6 6. Bg2 Bd6 7. O-O O-O 8. Qc2 Ne4 9. Rb1 Nd7 10. b4 Qe8 11. b5 Nxc3 12. Qxc3 cxb5 13. c5 Bb8 14. Ba3 h6 15. Rfc1 g5 16. c6 bxc6 17. Qxc6 Nb6 18. Bxf8 Qxc6 19. Rxc6 Bd7 20. Rxb6 axb6 21. Bxh6 g4 22. Ne5 Be8 23. Rb2 Bd6 24. Rc2 b4 25. Nd3 Ba4 26. Rb2 Bb5 27. Bf1 Bc4 28. Nxb4 Ra4 29. Bd2 1-0

[Event "Landesklasse West 2024/25"]
[Site "?"]
[Date "2025.01.19"]
[Round "5.6"]
[White "Mäurer, Michael"]
[Black "Döll, Frank"]
[Result "0-1"]
[WhiteElo "1573"]
[BlackElo "1808"]
[PlyCount "64"]
[EventDate "2024.09.15"]
[EventType "team-tourn"]
[EventRounds "9"]
[WhiteTeam "Randspringer Bad Salzungen"]
[BlackTeam "SC Rochade Steinbach-Hallenberg"]

{[%evp 0,64,32,13,13,23,19,19,37,19,27,17,57,12,69,34,23,36,31,-10,23,-3,10,2,-13,-14,-17,-28,-20,-62,-50,-89,-113,-179,-184,-177,-177,-194,-165,-163,-146,-137,-133,-210,-210,-238,-236,-231,-221,-259,-269,-314,-294,-272,-263,-251,-276,-276,-260,-299,-314,-307,-270,-287,-257,-300,-301]} 1. d4 d5 2. Bf4 Bf5 3. e3 e6 4. Bd3 Bxd3 5. Qxd3 c5 6. dxc5 Qa5+ 7. Qc3 Qxc3+ 8. Nxc3 Bxc5 9. a3 a6 10. Nf3 Nd7 11. O-O Ngf6 12. h3 O-O 13. Rad1 Rfe8 14. Bh2 Rac8 15. Rfe1 Bxa3 16. Ne2 Bxb2 17. Rb1 Rxc2 18. Ned4 Bxd4 19. Nxd4 Rcc8 20. Rxb7 Nc5 21. Rbb1 Nfe4 22. f3 Nd2 23. Ra1 Nc4 24. Re2 e5 25. Nf5 g6 26. Nh6+ Kg7 27. Ng4 h5 28. Nf2 f6 29. g4 hxg4 30. hxg4 Ra8 31. Nd1 Nb3 32. Rb1 Ncd2 0-1

[Event "Landesklasse West 2024/25"]
[Site "?"]
[Date "2025.01.19"]
[Round "5.8"]
[White "Wirsing, Frank"]
[Black "Hoffmann, Karsten"]
[Result "1/2-1/2"]
[WhiteElo "1558"]
[BlackElo "1648"]
[PlyCount "33"]
[EventDate "2024.09.15"]
[EventType "team-tourn"]
[EventRounds "9"]
[WhiteTeam "Randspringer Bad Salzungen"]
[BlackTeam "SC Rochade Steinbach-Hallenberg"]

{[%evp 0,33,32,23,23,6,4,4,6,6,53,48,45,12,27,24,31,2,33,36,15,15,8,-23,-35,-35,-40,-30,-30,-29,-29,-24,6,-55,18,12]} 1. d4 d5 2. c4 e6 3. Nc3 Nf6 4. e3 c6 5. Nf3 Bd6 6. Be2 Nbd7 7. O-O O-O 8. a3 Qe7 9. c5 Bc7 10. b4 e5 11. dxe5 Nxe5 12. Bb2 Bg4 13. Nxe5 Qxe5 14. g3 Bh3 15. Re1 Qe6 16. Bf3 Rad8 17. Ne2 1/2-1/2

[Event "Thüringenliga 2024/25"]
[Site "?"]
[Date "2025.03.02"]
[Round "6.1"]
[White "Carnot, Luca"]
[Black "Recknagel, Michael"]
[Result "0-1"]
[WhiteElo "2075"]
[BlackElo "2084"]
[PlyCount "112"]
[EventDate "2024.09.15"]
[EventType "team-tourn"]
[EventRounds "9"]
[WhiteTeam "TSG Apolda"]
[BlackTeam "SC Suhl"]

1. d4 Nf6 2. Nf3 e6 3. e3 b6 4. Bd3 Bb7 5. O-O Be7 6. c4 O-O 7. Nc3 d5 8. b3 Nbd7 9. Bb2 c5 10. Qe2 a6 11. Rfd1 Qb8 12. Rac1 Bd6 13. Na4 Re8 14. dxc5 bxc5 15. cxd5 Bxd5 16. Bxa6 Bxf3 17. gxf3 Bxh2+ 18. Kg2 Be5 19. Bd3 Bxb2 20. Qxb2 Rxa4 21. Bxh7+ Nxh7 22. Rxd7 Nf6 23. Rdd1 Ra5 24. Rc4 Rd8 25. Rh1 Kf8 26. Rf4 Ke7 27. Rc4 Rd5 28. f4 Qa8 29. e4 Rd4 30. Rxd4 cxd4 31. Qxd4 Qxe4+ 32. Qxe4 Nxe4 33. Kf3 Nd2+ 34. Ke3 Rxa2 35. b4 Nc4+ 36. Kd4 Nd6 37. Rf1 Rc2 38. Kd3 Rc4 39. Rb1 Rxf4 40. b5 Rxf2 41. b6 g5 42. b7 Nxb7 43. Rxb7+ Kf6 44. Ke3 Rf5 45. Rb8 g4 46. Rg8 Rg5 47. Rh8 g3 48. Rh1 g2 49. Rg1 Kf5 50. Kf3 Rg6 51. Ke2 Kf4 52. Kf2 Rg5 53. Rxg2 Rxg2+ 54. Kxg2 Ke3 55. Kg3 f5 56. Kg2 Ke2 0-1

[Event "Thüringenliga 2024/25"]
[Site "?"]
[Date "2025.03.02"]
[Round "6.2"]
[White "Berghof, Axel"]
[Black "Machelett, Heiko"]
[Result "0-1"]
[WhiteElo "2042"]
[BlackElo "2284"]
[PlyCount "102"]
[EventDate "2024.09.15"]
[EventType "team-tourn"]
[EventRounds "9"]
[WhiteTeam "SC Suhl"]
[BlackTeam "TSG Apolda"]

1. e4 e6 2. d4 d5 3. exd5 exd5 4. Bd3 Nc6 5. c3 Bd6 6. Ne2 Qh4 7. h3 Nge7 8. Nd2 Bg4 9. Nf1 O-O-O 10. Ne3 Be6 11. g3 Qf6 12. Ng1 g5 13. Qf3 Qg7 14. Nf5 Nxf5 15. Bxf5 Rde8 16. Be3 Qf6 17. Bxe6+ Qxe6 18. O-O-O h6 19. g4 Qe4 20. h4 Qxf3 21. Nxf3 f6 22. Rde1 h5 23. Reg1 hxg4 24. Rxg4 Ne7 25. Rgg1 Nf5 26. hxg5 Rxh1 27. Rxh1 Nxe3 28. Re1 Bf4 29. fxe3 Rxe3 30. Rxe3 Bxe3+ 31. Kd1 fxg5 32. Ne5 Bf4 33. Nd3 Kd7 34. Ke2 Bd6 35. Kf3 Ke6 36. Kg4 Kf6 37. b3 b6 38. c4 c5 39. dxc5 dxc4 40. bxc4 Bxc5 41. a4 a5 42. Ne1 Ke5 43. Nf3+ Ke4 44. Nxg5+ Kd4 45. Kf4 Kxc4 46. Ke4 Kb4 47. Kd5 Kxa4 48. Kc4 Be7 49. Ne4 b5+ 50. Kc3 Ka3 51. Kc2 b4 0-1

[Event "Thüringenliga 2024/25"]
[Site "?"]
[Date "2025.03.02"]
[Round "6.4"]
[White "Trautmann, Johannes"]
[Black "Rohmeiß, Roberto"]
[Result "0-1"]
[WhiteElo "1818"]
[BlackElo "1970"]
[PlyCount "77"]
[EventDate "2024.09.15"]
[EventType "team-tourn"]
[EventRounds "9"]
[WhiteTeam "SC Suhl"]
[BlackTeam "TSG Apolda"]

1. c4 Nf6 2. Nc3 e6 3. d4 d5 4. Nf3 c6 5. cxd5 exd5 6. Bg5 h6 7. Bh4 Nbd7 8. e3 Be7 9. Bd3 O-O 10. O-O Ne4 11. Bg3 f5 12. Ne5 Qe8 13. Nxd7 Bxd7 14. Be5 Qg6 15. f3 Ng5 16. Qb3 b6 17. Ne2 Qf7 18. Nf4 Nh7 19. a4 g5 20. Ne2 Bf6 21. f4 g4 22. Qc2 Be7 23. Qd2 Nf6 24. b4 Ne4 25. Bxe4 dxe4 26. Nc3 Bxb4 27. Qb2 Be7 28. Rfd1 Be6 29. a5 bxa5 30. Rxa5 Rfc8 31. Rda1 Bd6 32. Ra6 Bc4 33. R6a4 a5 34. Rb1 Bd3 35. Rc1 Ra7 36. Qa3 Rb7 37. Qxd6 Kh7 38. Rca1 Be2 39. Kf2 0-1

[Event "Thüringenliga 2024/25"]
[Site "?"]
[Date "2025.03.02"]
[Round "6.5"]
[White "Kroh, Christian"]
[Black "Ansorg, Nico"]
[Result "1-0"]
[WhiteElo "1808"]
[BlackElo "1801"]
[PlyCount "120"]
[EventDate "2024.09.15"]
[EventType "team-tourn"]
[EventRounds "9"]
[WhiteTeam "TSG Apolda"]
[BlackTeam "SC Suhl"]

1. d4 d5 2. Nf3 c6 3. e3 Nd7 4. Bd3 Nb6 5. O-O Nf6 6. h3 e6 7. b3 Be7 8. Bb2 O-O 9. Nbd2 c5 10. c4 Bd7 11. Ne5 Rc8 12. Rc1 Rc7 13. Ndf3 Be8 14. Qe2 Nbd7 15. Rfd1 cxd4 16. Bxd4 b6 17. Bb1 Ba3 18. Rc2 Bd6 19. Qd3 Nc5 20. Bxc5 bxc5 21. Rcc1 g6 22. Qc3 Qe7 23. Bd3 Bc6 24. Nxc6 Rxc6 25. Ne5 Bxe5 26. Qxe5 Nd7 27. Qc3 Nb6 28. Be2 Rc7 29. Qe5 Rfc8 30. Bf3 dxc4 31. bxc4 Nd7 32. Qc3 Qf6 33. Qxf6 Nxf6 34. Rc3 Kf8 35. Rd6 Ke7 36. Ra6 Rd8 37. Rca3 Rdd7 38. Kf1 Ne8 39. Ke2 Ng7 40. g4 h6 41. Rb3 h5 42. Rb8 hxg4 43. hxg4 Kf6 44. Rg8 g5 45. Be4 Re7 46. f4 Re8 47. fxg5+ Ke5 48. Rxg7 Kxe4 49. g6 Rb7 50. Rxf7 Rb2+ 51. Kf1 e5 52. g7 Rd8 53. Rf2 Rb1+ 54. Kg2 Rdd1 55. g8=Q Rg1+ 56. Kh3 Kxe3 57. Rh2 Rbf1 58. Ra3+ Kf4 59. Qf7+ Ke4 60. Re2+ Kd4 1-0

[Event "Thüringenliga 2024/25"]
[Site "?"]
[Date "2025.03.02"]
[Round "6.6"]
[White "Müller, Bernd"]
[Black "Maiwald, Harald"]
[Result "0-1"]
[WhiteElo "1753"]
[BlackElo "1923"]
[PlyCount "44"]
[EventDate "2024.09.15"]
[EventType "team-tourn"]
[EventRounds "9"]
[WhiteTeam "SC Suhl"]
[BlackTeam "TSG Apolda"]

1. e4 c5 2. Nf3 Nf6 3. Nc3 Nc6 4. d4 d5 5. e5 Ne4 6. Be3 Bg4 7. Bb5 e6 8. Qd3 Bf5 9. Qe2 Be7 10. O-O O-O 11. Rfd1 cxd4 12. Bxd4 Nxd4 13. Nxd4 Nxc3 14. bxc3 Bg6 15. Bd3 Qa5 16. Bxg6 hxg6 17. Rd3 Rfc8 18. Nb3 Qa6 19. Re3 Qxe2 20. Rxe2 Rxc3 21. Rd1 Rac8 22. Rdd2 Bg5 0-1

[Event "Thüringenliga 2024/25"]
[Site "?"]
[Date "2025.03.02"]
[Round "6.7"]
[White "Stolz, Markus"]
[Black "Silberschlag, Jörg"]
[Result "1-0"]
[WhiteElo "1797"]
[BlackElo "2017"]
[PlyCount "123"]
[EventDate "2024.09.15"]
[EventType "team-tourn"]
[EventRounds "9"]
[WhiteTeam "TSG Apolda"]
[BlackTeam "SC Suhl"]

1. d4 Nf6 2. Nf3 e6 3. Bf4 b6 4. e3 Bb7 5. Nbd2 Be7 6. Bd3 d5 7. Ne5 a6 8. Qf3 Nbd7 9. O-O Rc8 10. h3 O-O 11. Bh2 c5 12. a4 c4 13. Bxc4 Nxe5 14. Bxe5 Ne4 15. Nxe4 dxc4 16. Qg4 f6 17. Qxe6+ Kh8 18. Bd6 Re8 19. d5 Bxd6 20. Nxd6 Rxe6 21. Nf7+ Kg8 22. Nxd8 Re7 23. Nxb7 Rxb7 24. Rfd1 Kf7 25. Kf1 Rd7 26. Rd4 Ke7 27. Rad1 Kd6 28. Ke2 b5 29. axb5 axb5 30. b3 cxb3 31. cxb3 Rc2+ 32. Kf3 Ra7 33. Re4 Raa2 34. Re6+ Kd7 35. Rb6 f5 36. Rf1 g5 37. Rxb5 h5 38. Rb6 Rd2 39. Rh6 g4+ 40. Kg3 gxh3 41. gxh3 Rxd5 42. Rxh5 f4+ 43. Kg4 Rdd2 44. exf4 Rxf2 45. Rxf2 Rxf2 46. b4 Rb2 47. b5 Ke6 48. Rh6+ Kf7 49. b6 Rb5 50. Rc6 Kg7 51. Rc7+ Kf6 52. b7 Kg6 53. h4 Kh6 54. h5 Rxb7 55. Rc6+ Kg7 56. Kg5 Rb1 57. Rc7+ Kg8 58. f5 Rb2 59. h6 Rb6 60. h7+ Kh8 61. f6 Rxf6 62. Rc8+ 1-0

[Event "Thüringenliga 2024/25"]
[Site "?"]
[Date "2025.03.02"]
[Round "6.8"]
[White "Will, Ralph"]
[Black "Bodling, Florian"]
[Result "1-0"]
[WhiteElo "1735"]
[BlackElo "1787"]
[PlyCount "69"]
[EventDate "2024.09.15"]
[EventType "team-tourn"]
[EventRounds "9"]
[WhiteTeam "SC Suhl"]
[BlackTeam "TSG Apolda"]

1. d4 Nf6 2. c4 g6 3. Nf3 Bg7 4. Nc3 O-O 5. g3 d6 6. Bg2 c5 7. O-O Nc6 8. a3 Nxd4 9. Nxd4 cxd4 10. Qxd4 Nd7 11. Qh4 Ne5 12. Bd2 Bf6 13. Qf4 Be6 14. b3 Qd7 15. Ne4 Bg7 16. Rac1 Bh3 17. Bc3 Bxg2 18. Kxg2 b6 19. Rfd1 Qb7 20. Kg1 Rac8 21. Rd5 Rc6 22. Rcd1 Qc7 23. Ba1 Qc8 24. Qh4 f5 25. Ng5 h6 26. Nf3 Nxf3+ 27. exf3 g5 28. Qh5 Qe6 29. Bxg7 Kxg7 30. R1d3 Rc5 31. Re3 Qf6 32. Kg2 Rxd5 33. cxd5 Rc8 34. Re6 Qf7 35. Qxh6+ 1-0

[Event "Thüringenliga 2024/25"]
[Site "?"]
[Date "2025.03.02"]
[Round "6.1"]
[White "Vetter, Udo"]
[Black "Ziganshin, Ainur"]
[Result "0-1"]
[WhiteElo "1519"]
[BlackElo "2244"]
[PlyCount "58"]
[EventDate "2024.09.15"]
[EventType "team-tourn"]
[EventRounds "9"]
[WhiteTeam "ESV Lok Sömmerda"]
[BlackTeam "Ilmenauer SV"]

1. e4 c5 2. Nf3 d6 3. d4 cxd4 4. Nxd4 Nf6 5. Nc3 Nc6 6. Be2 e5 7. Nb3 Be6 8. Be3 Be7 9. O-O O-O 10. f3 Rc8 11. a3 d5 12. exd5 Nxd5 13. Nxd5 Bxd5 14. c4 Be6 15. Rc1 Bg5 16. f4 exf4 17. Bf2 f3 18. Bxf3 Bxc1 19. Qxc1 Ne5 20. Be2 Nd3 21. Qc3 Nxf2 22. Rxf2 b5 23. Rf1 Bxc4 24. Qf3 Bxe2 25. Qxe2 Qd5 26. Qe3 Rfe8 27. Qf4 Qxb3 28. Qf2 Qe3 29. b4 Qxf2+ 0-1

[Event "Thüringenliga 2024/25"]
[Site "?"]
[Date "2025.03.02"]
[Round "6.2"]
[White "Geißhirt, Marco"]
[Black "Koksch, Robert"]
[Result "1-0"]
[WhiteElo "1984"]
[BlackElo "1941"]
[PlyCount "87"]
[EventDate "2024.09.15"]
[EventType "team-tourn"]
[EventRounds "9"]
[WhiteTeam "Ilmenauer SV"]
[BlackTeam "ESV Lok Sömmerda"]

1. Nf3 d5 2. g3 Nf6 3. Bg2 e6 4. O-O c5 5. c4 Nc6 6. d4 cxd4 7. Nxd4 Bc5 8. Nb3 Bb6 9. Qc2 O-O 10. Rd1 Qe7 11. c5 Bc7 12. Nc3 Bd7 13. a3 Rad8 14. e4 dxe4 15. Nxe4 Nxe4 16. Bxe4 f5 17. Bg2 e5 18. Re1 Qf6 19. Bd2 f4 20. Bc3 Qh6 21. Nd2 Bh3 22. Bh1 fxg3 23. hxg3 Nd4 24. Bxd4 Rxd4 25. Nf3 Rd7 26. Rad1 Rdf7 27. Re3 Bf5 28. Qc3 e4 29. Nd4 Bg4 30. Rd2 Re7 31. Rxe4 Rxe4 32. Bxe4 Bxg3 33. fxg3 Qf6 34. Bg2 Qe5 35. Rf2 Rd8 36. Rf4 h5 37. Kf2 g5 38. Re4 Qf6+ 39. Nf3 Qf7 40. Re3 h4 41. Qb3 Rd2+ 42. Kg1 Qxb3 43. Rxb3 h3 44. Nxd2 1-0

[Event "Thüringenliga 2024/25"]
[Site "?"]
[Date "2025.03.02"]
[Round "6.3"]
[White "Kalisch, Michael"]
[Black "Eichenauer, Pascal"]
[Result "0-1"]
[WhiteElo "2084"]
[BlackElo "2031"]
[PlyCount "54"]
[EventDate "2024.09.15"]
[EventType "team-tourn"]
[EventRounds "9"]
[WhiteTeam "ESV Lok Sömmerda"]
[BlackTeam "Ilmenauer SV"]

1. d4 d5 2. Bf4 c5 3. e3 cxd4 4. exd4 Nc6 5. c3 f6 6. Nf3 g5 7. Bg3 h5 8. h3 Nh6 9. Bd3 Bf5 10. Na3 Bg7 11. O-O O-O 12. Nc2 e5 13. Bxf5 Nxf5 14. Ne3 Nxe3 15. fxe3 e4 16. Nd2 h4 17. Bh2 f5 18. Qh5 Qf6 19. Nb3 Qh6 20. Qxh6 Bxh6 21. Nc5 Rf7 22. Rf2 Re8 23. Raf1 f4 24. c4 dxc4 25. d5 Nb4 26. d6 Nd3 27. d7 Rd8 0-1

[Event "Thüringenliga 2024/25"]
[Site "?"]
[Date "2025.03.02"]
[Round "6.4"]
[White "Rauch, Arwid"]
[Black "Kühn, Martin"]
[Result "0-1"]
[WhiteElo "1732"]
[BlackElo "2092"]
[PlyCount "52"]
[EventDate "2024.09.15"]
[EventType "team-tourn"]
[EventRounds "9"]
[WhiteTeam "Ilmenauer SV"]
[BlackTeam "ESV Lok Sömmerda"]

1. e4 e6 2. d4 d5 3. e5 c5 4. c3 Nc6 5. Nf3 Bd7 6. a3 f6 7. b4 fxe5 8. b5 Nxd4 9. cxd4 exd4 10. Bf4 Nf6 11. Nbd2 Qb6 12. Be5 Bd6 13. Bxd6 Qxd6 14. Qe2 O-O 15. a4 e5 16. O-O-O e4 17. Ng5 c4 18. Ndxe4 dxe4 19. Qxc4+ Nd5 20. Kb1 Rac8 21. Nxe4 Bf5 22. Qxd4 Nc3+ 23. Kc1 Ne2+ 24. Kb2 Rc2+ 25. Kb1 Bxe4 26. Qxd6 Nc3+ 0-1

[Event "Thüringenliga 2024/25"]
[Site "?"]
[Date "2025.03.02"]
[Round "6.6"]
[White "Schenk, Stefan"]
[Black "Bachmann, Nick"]
[Result "0-1"]
[WhiteElo "1890"]
[BlackElo "1881"]
[PlyCount "82"]
[EventDate "2024.09.15"]
[EventType "team-tourn"]
[EventRounds "9"]
[WhiteTeam "Ilmenauer SV"]
[BlackTeam "ESV Lok Sömmerda"]

1. e4 c5 2. c3 Nf6 3. e5 Nd5 4. Bc4 Nb6 5. Bb3 c4 6. Bc2 Nc6 7. Nf3 Qc7 8. Qe2 g5 9. Na3 g4 10. Nb5 Qb8 11. Ng5 Nxe5 12. O-O a6 13. Nd4 d5 14. f4 Nd3 15. f5 h6 16. Nxf7 Kxf7 17. Bxd3 cxd3 18. Qxg4 Rg8 19. Qh5+ Kg7 20. Qg6+ Kh8 21. Qxb6 Qe5 22. b3 a5 23. Bb2 Qe4 24. Rf2 Ra6 25. Qc7 e5 26. Qxc8 exd4 27. Kf1 Rf6 28. Re1 Qh4 29. Kg1 Bd6 30. g3 Bxg3 31. Qxg8+ Kxg8 32. Rg2 Rxf5 33. Ba3 Rg5 34. Re8+ Kf7 35. Rf8+ Kg7 36. hxg3 Rxg3 37. Rff2 Rxg2+ 38. Rxg2+ Kf7 39. Rf2+ Ke6 40. cxd4 Qxd4 41. Bf8 Qa1+ 0-1

[Event "Thüringenliga 2024/25"]
[Site "?"]
[Date "2025.03.02"]
[Round "6.7"]
[White "Weber, Jakob"]
[Black "Hartung, Markus"]
[Result "1/2-1/2"]
[WhiteElo "1564"]
[BlackElo "1615"]
[PlyCount "52"]
[EventDate "2024.09.15"]
[EventType "team-tourn"]
[EventRounds "9"]
[WhiteTeam "ESV Lok Sömmerda"]
[BlackTeam "Ilmenauer SV"]

1. d4 Nf6 2. Bf4 c5 3. c3 Qb6 4. Qc2 cxd4 5. cxd4 Nc6 6. e3 d6 7. a3 a6 8. Bd3 e5 9. dxe5 dxe5 10. Bg3 Qa5+ 11. Nc3 Nb4 12. Qb1 Nxd3+ 13. Qxd3 Be7 14. Nge2 O-O 15. O-O Rd8 16. Qc2 Be6 17. b4 Qc7 18. Qb2 Nh5 19. Rac1 Nxg3 20. Nxg3 Qb8 21. Rfd1 Rxd1+ 22. Rxd1 Qe8 23. Nd5 Bxd5 24. Rxd5 f6 25. Nf5 Rd8 26. Nxe7+ Qxe7 1/2-1/2

[Event "Thüringenliga 2024/25"]
[Site "?"]
[Date "2025.03.02"]
[Round "6.8"]
[White "Dudeja, Iresh"]
[Black "Berlt, Norbert"]
[Result "1/2-1/2"]
[WhiteElo "1582"]
[BlackElo "1610"]
[PlyCount "38"]
[EventDate "2024.09.15"]
[EventType "team-tourn"]
[EventRounds "9"]
[WhiteTeam "Ilmenauer SV"]
[BlackTeam "ESV Lok Sömmerda"]

1. d4 d5 2. Nf3 Nf6 3. g3 e6 4. Bg2 a6 5. O-O b5 6. b3 Bb7 7. Bb2 Be7 8. Nbd2 O-O 9. Rc1 Nbd7 10. Re1 a5 11. e3 a4 12. Ne5 axb3 13. axb3 Ba3 14. Bxa3 Rxa3 15. c4 bxc4 16. bxc4 Nxe5 17. dxe5 Nd7 18. f4 c6 19. Qc2 Qb6 1/2-1/2